IPN : unidad profesional interdisciplinaria de ingeniería y ciencias sociales y administrativas : 1972-1973 /

Guardado en:
Detalles Bibliográficos
Autor corporativo: Instituto Politécnico Nacional (México)
Formato: Libro
Idioma:Español
Publicado: México : Instituto Politécnico Nacional, 1973
Etiquetas: Agrega una etiqueta
Sin etiquetas, Sé el primero en etiquetar este registro!

MARC

LEADER 00000nam^a2200000^a^4500
001 000436515
005 20250526000000.0
009 20260310123157.266
037 |a Acervo ITESO - Biblioteca 
041 |a ESP 
091 |a FHM. 08164 
110 |a Instituto Politécnico Nacional (México) 
245 1 0 |a IPN :  |b unidad profesional interdisciplinaria de ingeniería y ciencias sociales y administrativas : 1972-1973 / 
264 1 |a México :  |b Instituto Politécnico Nacional,  |c 1973 
300 |a 28 p. ;  |c 19.5 cm. 
336 |a texto  |b txt  |2 rdacontenido 
337 |a sin mediación  |b n  |2 rdamedio 
338 |a volumen  |b nc  |2 rdasoporte 
649 |a XX 
910 |a Fondo Hugo B. Margáin 
920 |a Impresos - Libros 
930 |a Libros Antiguos y Raros 
905 |a 126 
901 |a 0500303687  |b IT2  |c LRA  |i D113218  |u 20250526 
902 |a https://opac.biblio.iteso.mx/vufind/Record/000436515